| 000 | 00880nam a2200265Ia 4500 | ||
|---|---|---|---|
| 003 | OSt | ||
| 005 | 20221005022541.0 | ||
| 006 | a|||||r|||| 00| 0 | ||
| 007 | ta | ||
| 008 | 221004b |||||||| |||| 00| 0 eng d | ||
| 020 |
_a075464068X (hbk) _c3665.25 |
||
| 024 | _a91043 | ||
| 037 |
_b08-02711, 23/10/2008, Atlantic Publisher & Dist. Pvt Ltd. _cTextual |
||
| 040 |
_aCRL _cCRL _beng |
||
| 041 |
_2eng _aeng |
||
| 082 | _aQ:(Y), P6 | ||
| 100 |
_aBeckford James A. Ed. _9292188 |
||
| 245 | 0 |
_aTheorising religion _b classical and contemporary debates |
|
| 260 |
_aAlsershot _bAshgate U.S.A _c2006 |
||
| 300 |
_axix, 257p. _ccm. |
||
| 650 | _aRELIGION | ||
| 700 |
_a Walliss John Ed. _9578219 |
||
| 942 |
_hQ:(Y), P6 _cTEXL _2cc |
||
| 999 |
_c929601 _d929601 |
||